Diseño planos de control de la subestación reductora del ICE en Naranjo

Na minha lista:
Detalhes bibliográficos
Autor principal: Ulloa Peñaranda, Luis Alberto
Formato: Livro
Publicado em: [San José , Costa Rica] 1983
Tags: Adicionar Tag
Sem tags, seja o primeiro a adicionar uma tag!

MARC

LEADER 00000nam a2200000Ia 4500
003 007596
005 20221231144351.0
008 140114s1983 cr a m 000 ||s d
040 |c cru CEDI 
090 |a TFG 1944 
100 |a Ulloa Peñaranda, Luis Alberto  |9 13959 
245 |a Diseño planos de control de la subestación reductora del ICE en Naranjo 
260 |c 1983  |a [San José , Costa Rica] 
300 |a 21 [152] hojas 
500 |a Trabajo final de graduación.Universidad de Costa Rica. Facultad de Ingeniería. Escuela de Ingeniería Eléctrica 
942 |c TFG 
999 |c 20802  |d 20802